000 02200cam a22005654i 4500
003 PE-LiUPU
005 20250731165615.0
008 150616s1952 ag a r 001 0 spa d
035 _a(Sirsi) a5276
040 _aPE-LiUPU
_bspa
_cPE-LiUPU
_erda
041 1 _aspa
_hger
049 _aPRUA
082 0 4 _a945.05
_bB94
_220
100 1 _aBurckhardt, Jacob,
_eautor.
245 1 3 _aLa cultura del renacimiento en Italia /
_Jacob Burckhardt.
264 1 _aBuenos Aires :
_bEditorial Losada,
_c1952.
300 _a458 páginas :
_bilustraciones ;
_c28 centímetos
336 _atext
_2rdacontent
337 _aunmediated
_2rdamedia
338 _avolume
_2rdacarrier
504 _aÍndice : páginas 439-458.
505 0 _aEl estado como obra del arte -- Desarrollo del individuo -- La resurrección del mundo antiguo -- Descubrimiento del mundo y del hombre -- La vida social y las fiestas -- Etica y religión.
526 _aSEG44
526 _aSEG26
526 _aP151
526 _aP150
526 _aP149
526 _aP146
526 _aP145
526 _aP126
526 _aP125
526 _aP92
526 _aP75
526 _aP74
526 _aP27
526 _aP15
534 _aTítulo original :
_t Die kultur der renaissance in Italien.
650 0 4 _aRenacimiento.
910 _ajck
_bjvq
_cjck
910 _adbm
_bsag
_csag
_d20190417
942 _2ddc
_cBOOK
949 _a940.2145 B9
_wDEWEY
_c1
_i22010
_lCCODEBUL1
_mBUL
_p00.00
_r0
_sY
_tBOOK
_u2015-04-23
_xBIBLIOTECA
_zUNKNOWN
_0COMPRA
_o.STAFF. Colección General
949 _a940.2145 B9
_wDEWEY
_c2
_i12770
_lCCODEBUL1
_mBUL
_p00.00
_r0
_sY
_tBOOK
_u19780802
_xEDUCACION
_PP20
_0COMPRA
_o.STAFF. Colección General
994 _aC0
_bPEPRU
596 _a1
999 _a940.2145 B9
_wDEWEY
_c55402
_i22010
_f2021-11-8
_g6
_lRCG
_mBUL
_p35.00
_r0
_sY
_tBOOK
_u2015-4-23
_xBIBLIOTECA
_PP20
_0COMPRA
_o.STAFF. Colección General
_d55402
999 _a940.2145 B9
_wDEWEY
_c2
_i12770
_f2021-11-8
_g7
_lRCG
_mBUL
_p35.00
_r1
_sY
_tBOOK
_u2015-6-16
_xBIBLIOTECA
_PP20
_0COMPRA
_o.STAFF. Colección General
980 _81
_gALBERTO SANCHEZ Responsable de Automatización